Statistics for Ariana Grande - imagine (lyrics)

Click here to take the quiz!

General Stats

  • This quiz has been taken 170 times
  • The average score is 223 of 274

Answer Stats

Answer% Correct
I
97%
Like
94%
Like,
94%
A
93%
I'm
93%
The
93%
Imagine
91%
You
91%
In
90%
No
90%
Of
89%
Up
89%
And
88%
Me
88%
That ?
88%
That
88%
World
88%
Can
87%
Your
87%
Go
85%
On
85%
Us
85%
Us,
85%
We
85%
Car
83%
Know
83%
Love
83%
Sleep
83%
'Sleep
83%
With
83%
Chest
82%
Kiss
82%
Makeup,
82%
Take
82%
My
81%
'Til
81%
Get
80%
Neck
80%
Nobody
80%
Off
80%
All
79%
Bathtub
79%
Bubbles
79%
Bubbly,
79%
Can't
79%
Clothes
79%
Good
79%
Step
79%
Why
79%
How
78%
So
78%
Face
77%
Let's
77%
Post
77%
Click
76%
Click,
76%
Fits
76%
Knows
76%
Night,
76%
Noon
76%
Two
76%
Drip-
75%
This
75%
Gold
74%
Never
74%
Stayin'
72%
Is
71%
It
71%
It,
71%
It ?
71%
Pad
71%
Quick,
71%
Thai
71%
Act
70%
Order
70%
Be
68%
Dripped
68%
Feel
68%
Ooh
68%
"Ooh"
68%
Pleasure,
68%
Then
68%
Do
67%
Gon'
66%
Regular
66%
Movies
65%
First
64%
"Skrrt"
64%
Breath
63%
After
62%
Deep
62%
It's
62%
Knew
62%
Perfect
62%
True
62%
Were
62%
Baby,
61%
Shit
61%
Tell
61%
Creep
60%
Secrets,
60%
Thought
60%
Took
60%
Would
60%
Credits
58%
That's
58%
Direct
57%
Feels
50%
Forever,
50%
Name
49%

Score Distribution

Percentile by Number Answered

Percent of People with Each Score

Your Score History

You have not taken this quiz